Za Móricom Mittelmannom-Dedinským (1914 - 1989)

Bibliographic Details
Main Author: Rosenbaum, Karol, 1920-2001 (Author)
Format: Article
Language:Slovak
Subjects:

MARC

LEADER 00000nab a2200000 a 4500
001 vtls000365451
003 SK-MaSNL
005 20260303182607.0
008 230223c1989 xo 0 slo
015 |a SNBRB19rr/mm-uuuuu 
035 |a CL0365573 
035 |a urn:nbn:sk:snk-abf1p6 
035 |a (urnnbn)urn:nbn:sk:snk:ar-0050a1 
035 |a (uuid)650633c0-733f-47b0-b5ea-539fca83bebe 
040 |a SNKBUCL  |b slo  |c SNKBUCL  |e AACR2 
041 0 |a slo 
044 |a xo  |c SK 
080 |a 82:929:885.4  |2 1981 
080 |a 929  |2 1981 
080 |a 885.4  |2 1981 
080 |a 929 Dedinský, Móric Mittelmann  |2 1981 
100 1 |a Rosenbaum, Karol,  |d 1920-2001  |4 aut  |9 103255 
245 1 0 |a Za Móricom Mittelmannom-Dedinským  |b (1914 - 1989)  |c Karol Rosenbaum ; Móric Mittelmann Dedinský 
500 |a V časti Kronika. 
600 1 7 |a Mittelmannová, Miroslava,  |d 1981-  |2 snkbucl  |9 230629 
655 7 |a články z novín a časopisov  |2 snkbucl  |9 267496 
655 7 |a články z odboru literárna veda a krásna literatúra  |2 snkbucl  |9 770045 
773 0 |t Slovenská literatúra  |g Roč. 36, č. 5 (1989), s. 480-481 
850 |a Slovenská národná knižnica v Martine  |a MTA001 
852 |a SNK  |b KIS3GCP 
954 |a odborná, vedecká literatúra pôvodná (slovenská)  |2 lita 
958 |a BX 
958 |a RK 
958 |a LX 
958 |a OND 
958 |a EUIPO 
958 |a article27 
992 |a RBX 
999 |c 2117609  |d 2119539